00996nam a2200193 a 450000100100000000500170001000800410002702000180006804000250008624502090011126000570032030000280037750400730040570000490047870000420052795201050056995201110067499900170078500004237320201002040119.0131127s2013 sp 000 0 spa d a9789968809894 aDO-SdBNPbspacBNPHU00aPulso parlamentario 2011-2012 :banálisis de la agenda política municipal en Centroamérica y República Dominicana /ccoordinación técnica Beatriz Fernández Jiménez, Paulo Hidalgo Cortéz. aSan José, Costa Rica :bFundación DEMUCA,c2013. a101 p. :bil. ;c28 cm. aIncluye referencias bibliográficas y notas al pie de las páginas1 aFernández Jiménez, Beatrizecoor.9694571 aHidalgo Cortéz, Pauloecoor.969458 001050718MOaPDbPDcCTd2013-11-27iLF1l0o p42373-10r2020-06-25w2020-06-25y1ZNo se presta 001050718MOaPDbPDcCTd2013-11-27iLF1l0o p42373-20r2020-06-25te. 2w2020-06-25y1ZNo se presta c41862d41862